Normal view
MARC view
Entry Topical Term
001 - CONTROL NUMBER
- control field: 13782
003 - CONTROL NUMBER IDENTIFIER
- control field: OSt
005 - DATE AND TIME OF LATEST TRANSACTION
- control field: 20200303143438.0
008 - FIXED-LENGTH DATA ELEMENTS
- fixed length control field: 200303|| aca||aabn | a|a d
040 ## - CATALOGING SOURCE
- Original cataloging agency: OSt
- Transcribing agency: OSt
150 ## - HEADING--TOPICAL TERM
- Topical term or geographic name entry element: Technology evaluation
670 ## - SOURCE DATA FOUND
- Source citation: Work cat.: (OSt)710: Remenyi, D.; Money, Arthur H.; Sherwood-Smith, Michael. 1886, The effective measurement and management of IT costs and benefits., 2000.
